Comunicación y lenguaje

Enregistré dans:
Détails bibliographiques
Format: Livre
Langue:Undetermined
Publié: San José, Costa Rica Universidad de Costa Rica 1980
Édition:2
Sujets:
Tags: Ajouter un tag
Pas de tags, Soyez le premier à ajouter un tag!

MARC

LEADER 00000nam a2200000Ia 4500
008 170316s9999 xx 000 0 und d
090 |a 801 C-26c 
245 |a Comunicación y lenguaje 
250 |a 2 
260 |a San José, Costa Rica 
260 |b Universidad de Costa Rica 
260 |c 1980 
300 |a 325 páginas 
650 |a TEORÍA LITERARIA 
650 |a ANTOLOGÍA CASTELLANA 
650 |a COMUNICACIÓN 
650 |a LENGUAJE 
650 |a SECO MANUEL 
650 |a LENGUA 
650 |a CULTURA 
650 |a AZOFEIFA ISAAC 
650 |a SEMIOLOGÍA 
650 |a COMUNICACIÓN ANIMAL 
650 |a SIGNO-TEATRO 
999 |c 20181  |d 20181 
040 |a cru BVZT 
942 |c 15 D  |h 801 C-26c  |2 z